Gentilé des chefs-lieux belges - Statistiques

Statistiques générales
  • Ce quiz a été pris 20 fois
  • Le résultat moyen est 26 sur 42
Statistiques - réponses
Province Chef-Lieu Gentilé % Correct
Anvers Malines Malinois
100%
Namur Namur Namurois
100%
Flandre Orientale Alost Alostois
95%
Anvers Anvers Anversois
95%
Flandre Occidentale Bruges Brugeois
95%
Bruxelles Bruxelles Bruxellois
95%
Hainaut Ath Athois
90%
Namur Dinant Dinantais
90%
Flandre Occidentale Furnes Furnois
90%
Liège Liège Liégeois
90%
Brabant Wallon Nivelles Nivellois
90%
Flandre Orientale Termonde Termondois
90%
Flandre Orientale Gand Gantois
85%
Brabant Flamand Hal Hallois
85%
Flandre Occidentale Ostende Ostendais
85%
Hainaut Mons Montois
80%
Hainaut Tournai Tournaisien
80%
Hainaut La Louvière Louviérois ou Loup
75%
Flandre Occidentale Tielt Tieltois
75%
Flandre Occidentale Courtrai Courtraisien
70%
Flandre Occidentale Dixmude Dixmudois
70%
Limbourg Hasselt Hasseltois
70%
Limbourg Maaseik Maaseikois
65%
Luxembourg Marche-en-Famenne Marchois
65%
Luxembourg Virton Virtonnais
65%
Luxembourg Arlon Arlonais
60%
Flandre Orientale Audenarde Audenardais
60%
Brabant Flamand Louvain Louvaniste
60%
Limbourg Tongres Tongrois
60%
Anvers Turnhout Turnhoutois
60%
Liège Verviers Verviétois
60%
Liège Huy Hutois
50%
Liège Waremme Waremmien
50%
Hainaut Charleroi Carolorégien
45%
Luxembourg Bastogne Bastognard
20%
Hainaut Thuin Thudinien
10%
Luxembourg Neufchâteau Chestrolais ou Novocastélien
5%
Flandre Orientale Eeklo Eeklonais ou Eeklonaar
5%
Flandre Occidentale Roulers Roularien
5%
Hainaut Soignies Sonégien
5%
Namur Philippeville Philippevillain
0%
Flandre Orientale Saint-Nicolas Saint-Niclusien
0%
Aucun quiz correspondant
Distribution des résultats
% des personnes avec chaque résultat
Percentile par nombre de réponses
Votre historique - résultats
Vous n’avez pas pris ce quiz